[Event "BCF-chT3N 1819 (4NCL)"]
[Site "England"]
[Date "2019.02.10"]
[Round "6.76"]
[White "Skipworth, John C"]
[Black "Wilson, Jeff"]
[Result "1-0"]
[WhiteElo "1457"]
[BlackElo "1427"]
[PlyCount "73"]
[EventDate "2018.11.10"]
[EventType "team-swiss"]
[EventRounds "11"]
[EventCountry "ENG"]
[SourceTitle "EXT 2021"]
[Source "ChessBase"]
[SourceDate "2020.10.23"]
[SourceVersion "1"]
[SourceVersionDate "2020.10.23"]
[SourceQuality "1"]
[WhiteTeam "Bolton & Worsley"]
[BlackTeam "Manchester Manticores IV"]
[WhiteTeamCountry "ENG"]
[BlackTeamCountry "ENG"]

1. e4 e5 2. Nf3 Nc6 3. Bb5 a6 4. Ba4 Nf6 5. d3 b5 6. Bb3 h6 7. 0-0 Bc5 8. h3 d6 9. c3 0-0 10. Be3 Bxe3 11. fxe3 Bb7 12. Nbd2 Ne7 13. Rf2 Ng6 14. Nf1 c5 15. Ng3 d5 16. exd5 Bxd5 17. e4 Bxb3 18. axb3 Qb6 19. Qd2 Rad8 20. Qe3 Qc6 21. Nf5 Kh7 22. Raf1 Nf4 23. Nxe5 Qe6 24. Qxf4 Nh5 25. Qh2 f6 26. g4 fxe5 27. gxh5 g5 28. hxg6+ Qxg6+ 29. Rg2 Qe8 30. Rg7+ Kh8 31. Qd2 Qh5 32. Kh2 c4 33. bxc4 bxc4 34. d4 exd4 35. cxd4 Rde8 36. Qg2 Rb8 37. Rh7+ 1-0